000 00376cam a22001337a 4500
008 180718b1997 xxu||||| |||| 00| 0 eng d
082 _aI5:B3 Si64
245 _aDevelopment of management and public policy
_cedited by Nachhattar Singh
260 _aNew Delhi
_bAnmol
_c1997
300 _a280p.
650 _aPublic policy
650 _aManagement
700 _aSingh, Nachhattar
999 _c380883
_d380883